000 00540nam a2200169 a 4500
001 000036880
005 20200930080008.0
008 120203s1987 enka 000 0 spa d
020 _a0747600031
040 _aDO-SdBNP
_bspa
_cBNPHU
245 0 0 _aSpirit of enterprise the 1987 rolex awards /
_cedited by David W. Reed.
260 _aEngland :
_bVan Nostrand Reinhold,
_c1987.
300 _a460 p. :
_bil. ;
_c23 cm.
700 1 _aReed, David W.
_eed.
_963250
700 1 _aCochran, George Van. B.
_963251
700 1 _aHeiniger, André J.
_963252
999 _c36371
_d36371